Statistics for Geography Tree #4

Click here to take the quiz!

General Stats

  • This quiz has been taken 104 times
  • The average score is 8 of 14

Answer Stats

HintAnswer% Correct
U_ICEFN
100%
Capital is BerlinGermany
92%
Stratford-upon-____Avon
82%
Currency of SwitzerlandFranc
80%
Region also called "Southeast Asia"Indochina
70%
Largest city is OmahaNebraska
69%
State where Salem witch trials took placeMassachusetts
64%
Literaly "Penn's Woods"Pennsylvania
63%
Capital is DushanbeTajikistan
61%
Capital of Burkina FasoOuagadougou
54%
Home to the Massif CentralFrance
32%
Code of Newark Liberty AirportEWR
21%
E__SOCCO
13%
Capital of Christmas IslandFlying Fish Cove
13%

Score Distribution

Percentile by Number Answered

Percent of People with Each Score

Your Score History

You have not taken this quiz